Statistiken für Musiker aus Sachsen-Anhalt

Klicken Sie hier um das Quiz zu spielen!

Allgemein

  • Dieses Quiz wurde 49 mal gespielt
  • Das Durchschnittsergebnis liegt bei 2 aus 25

Antwortstatistiken

SongsMusiker/Band% Korrekt
Durch den Monsun | Rette michTokio Hotel
100%
Wohin willst du | Unter meiner HautGestört aber GeiL
20%
Das Spiel | Drück die 1Annett Louisan
16%
Du, die Wanne ist voll | Ihr macht mir Mut (in dieser Zeit)Dieter Hallervorden
16%
Auf die Bäume, ihr Affen | Der Herbst steht auf der LeiterHauff und Henkler
9%
Im Osten | Nie WiederKai Niemann
9%
Plattenbauromantik | ErntePlusmacher
9%
Ich bin ja kein Mann | Nicht länger mit ihr teilenLinda Hesse
7%
Dein Herz ist eine Geisterstadt | Animal InstinctAnnemarie Eilfeld
4%
Eine Nacht | Komm und bedien dichRamon Roselly
4%
Im Wartesaal zum großen Glück | Für 300 FrancsWalter Andreas Schwarz
4%
Tanzenkotzen | HallelujaAdolar
2%
Blind Lane | STFUAnnisokay
2%
Sand in meiner Hand | Wildes HerzDown Below
2%
Geh aus meinem Herz | SommergefühlFranziska
2%
Ich hab mich so in Dich verliebt | Rosen müssen gar nicht sein Gaby Albrecht
2%
FKK | Zeck-zoff, Trouble en masseJuckreiz
2%
Mantequilla | ApricotRon Flatter
2%
Next November | RadiostarSCYCS
2%
2daBeat | MygutSuper Flu
2%
A Kiss Is A Kiss | Fuchslied (ich fahre und fahre …)Toni Kater
2%
Goodbye | ArcadiaApparat
0%
Was wird morgen sein | Raus aus meiner HautMagdeburg
0%
Move It | SuviPretty Pink
0%
Hold On | Paper RocketsRyan Davis
0%

Verteilung der Resultate

Perzentil nach korrekt beantworteten Fragen

Anzahl Personen mit jedem Resultat

Ihre Resultats-Entwicklung

Sie haben dieses Quiz noch nicht gespielt